000 00741cam a2200241 4500500
005 20260329003527.0
041 _afre
042 _adc
100 1 0 _aLacroix, Alexandre
_eauthor
245 0 0 _aLes philosophes aux prises avec l’esprit du terrorisme
260 _c2015.
500 _a31
690 _aJean Baudrillard
690 _aJean-Paul Sartre
690 _aMichael Walzer
690 _aMichel Foucault
690 _aMikhaïl Bakounine
690 _aSerge Netchaïev
690 _aTerreur
690 _aTerrorisme
786 0 _nPhilosophie magazine | 95 | 12-1 | 2015-12-01 | p. 33-37 | 1951-1787
856 4 1 _uhttps://shs.cairn.info/magazine-philosophie-magazine-2015-12-1-page-33?lang=fr&redirect-ssocas=7080
999 _c1825323
_d1825323